Obálka Náhled e-knihy:
PDF
Pro půjčování e-knih musíte být přihlášeni.
Jak si půjčit online?

Denník (ne)slávnej Daisy B.: Príšerná sesternica /

Daisin zoznam úloh: Splniť si svoj sen a stať sa slávnou divadelnou hviezdou. Viac čítať a netráviť toľko času pozeraním hlúpych videí o mačkách. Chodiť na hodiny tanca, jazdy na koni a šermu, pretože sú to veľmi užitočné zručnosti, ktoré sa mi ako budúcej herečke raz môžu zísť. Získať dobrú rolu v...

Celý popis

Uloženo v:
Hlavní autor: Valentine, Jenny (Autor)
Médium: E-kniha
Jazyk:Czech
Vydáno: Praha : Albatros Media Slovakia s.r.o., 2026
Tagy:
Žádné tagy
LEADER 01573nam a22002297i 4500
001 313648
007 ta
008 260605s2026 xr ||||| |||| 00| 0 cze d
020 |a 9788056652756 
044 |a xr 
100 1 |a  Valentine, Jenny  |4 aut 
245 1 0 |a Denník (ne)slávnej Daisy B.: Príšerná sesternica /  |c  Valentine, Jenny 
240 1 0 |a The Unfamous Diaries of Daisy Brewster: The Frenemies 
264 1 |a Praha :  |b Albatros Media Slovakia s.r.o.,  |c 2026 
300 |a 1 online zdroj (208 stran) 
336 |a text  |b txt  |2 rdacontent 
337 |a bez média  |b n  |2 rdamedia 
338 |a online zdroj  |b cr  |2 rdacarrier 
520 2 |a Daisin zoznam úloh: Splniť si svoj sen a stať sa slávnou divadelnou hviezdou. Viac čítať a netráviť toľko času pozeraním hlúpych videí o mačkách. Chodiť na hodiny tanca, jazdy na koni a šermu, pretože sú to veľmi užitočné zručnosti, ktoré sa mi ako budúcej herečke raz môžu zísť. Získať dobrú rolu v hre školského dramatického krúžku, niekde predsa musím začať! A byť milšia k mojej príšernej sesternici Maxxy Bloomovej, neskutočne populárnej TV hviezdičke a miláčikovi sociálnych sietí a... mojej nočnej more! 
910 |a RBIT002 
998 |d 427593  |a https://core.palmknihy.cz/api/books/427593/cover?tg0wgo  |b https://core.palmknihy.cz/api/books/427593/cover/400?tg0wgo  |c https://core.palmknihy.cz/api/books/427593/cover/50?tg0wgo  |e 2031-08-18  |g 208  |i 9788056652756  |k https://core.palmknihy.cz/api/books/427593/preview.pdf  |l   |q 49  |r 1  |s https://www.palmknihy.cz/kniha/427593  |t ebook  |y 2026  |z 1 
999 |d 313646